| 000 | 00748nam a2200253 i 4500 | ||
|---|---|---|---|
| 001 | 30772 | ||
| 003 | ES-MaACL | ||
| 005 | 20250430203804.0 | ||
| 007 | t| | ||
| 008 | 030127s1974 sp a |||| |dspa d | ||
| 020 | _a84-354-0018-2 | ||
| 080 | _a929 Alberti, Rafael | ||
| 080 | _a821.134.2 Alberti, Rafael 1.06 | ||
| 100 | 1 |
_aBayo, Manuel. _926695 |
|
| 245 | 1 | 0 |
_aSobre Alberti / _cManuel Bayo. |
| 260 |
_a[Madrid] : _bCVS, _c[1974] |
||
| 300 |
_a217 p. : _bil. ; _c21 cm. |
||
| 490 | 1 |
_aColección Ateneo ; _v3 |
|
| 600 | 0 | 4 |
_aAlberti, Rafael, _d1902-1999- _xCrítica e interpretación _919346 |
| 830 | 0 |
_aColección Ateneo ; _v3 _9180032 |
|
| 852 |
_aES-MaACL _jE-6354 |
||
| 852 |
_aES-MaACL _jG-4232 |
||
| 999 |
_c30772 _d30772 |
||